Trouve les noms de cocktails #3 - Vodka - Statistiques

Statistiques générales
  • Ce quiz a été pris 68 fois
  • Le résultat moyen est 6 sur 15
Statistiques - réponses
Hint Réponse % Correct
curaçao bleu / jus de citron Blue lagoon
81%
jus de tomates / jus de citron vert / tabasco / sel & poivre Bloody mary
72%
schweppes tonic / citron vert Vodka Tonic
72%
ginger beer / jus de citron Moscow Mule
61%
liqueur de pêche / jus d’orange / jus de cranberry Sex on the beach
61%
martini Vodka Martini
54%
liqueur de café Black russian
50%
jus de cornichon Pickleback Vodka Shot
46%
cramberry / citron vert / liqueur d'orange Cosmopolitan
41%
crème fraiche / liqueur de café White russian
35%
kas / grenadine Orgasme
19%
jaune d'oeuf cru / sauce Worcestershire / tabasco Prairie Oyster
19%
jus de pamplemousse Greyhound
17%
liqueur de framboise / jus d'ananas French Martini
9%
liqueur d'orange / jus de citron vert Kamikaze
9%
Aucun quiz correspondant
Distribution des résultats
% des personnes avec chaque résultat
Percentile par nombre de réponses
Votre historique - résultats
Vous n’avez pas pris ce quiz